José Martí, Máximo Gómez y Ceferina Chávez : (Registro nro. 14162)

Detalles MARC
000 -LIDER
fixed length control field 00986nam a2200277 a 4500
001 - NÚMERO DE CONTROL
Identificador de número de control
003 - IDENTIFICACDOR DE NÚMERO DE CONTROL
control field OSt
005 - DATE AND TIME OF LATEST TRANSACTION
control field 20220427095717.0
008 - ELEMENTOS DE LONGITUD FIJA
fixed length control field 100810s2017 dr 000 0 spa d
020 ## - ISBN
International Standard Book Number 9789945088526
040 ## - FUENTE DE CATALOGACIÓN
Agencia que crea de manera original el registro DO-SdBNP
Idioma de catalogación spa
Agencia que realiza la transcripción BPMSU
082 ## - NÚMERO DE CLASIFICACIÓN DECIMAL DE DEWEY
Classification number 920
Item number B828j 2017
Edition number 22
100 1# - ASIENTO PRINCIPAL -- NOMBRE PERSONAL
Nombre personal Brea Tió, Héctor
245 #0 - MENCIÓN DE TITULO
Título José Martí, Máximo Gómez y Ceferina Chávez :
Subtítulo apuntes históricos y genealógicos /
Mención de responsabilidad Héctor Brea Tiò ; prólogo de Frank Moya Pons
260 ## - PUBLICACIÓN, DISTRIBUCIÓN, ETC. (PIE DE IMPRENTA)
Lugar de publicación, distribución, etc Santo Domingo :
Nombre del editor, distribuidor, etc. Bùho,
Fecha de publicación, distribución, etc 2017.
300 ## - DESCRIPCIÓN FÍSICA
Extensión 277 p. :
Otros detalles físicos il. ;
Dimensiones 26 cm
500 ## - NOTA GENERAL
Materiales especificados Incluye datos biográficos del autor en la solapa de la cubierta
590 ## - NOTA LOCAL
Enlace Inventariado, 2022/VM
600 ## - ENCABEZAMIENTO DE MATERIA--NOMBRE PERSONAL
Nombre personal Martí, José,
Fechas asociadas con el nombre 1853-1895
Subdivisión de forma Biografías
600 ## - ENCABEZAMIENTO DE MATERIA--NOMBRE PERSONAL
Nombre personal Gómez, Máximo
Fechas asociadas con el nombre 1836-1905
Subdivisión de forma Biografías
650 #4 - ENCABEZAMIENTO DE MATERIA--TEMÁTICO
Término temático o nombre geográfico como elemento de entrada Biografías
Subdivisión temática general Historia
Subdivisión geográfica Cuba.
650 #4 - ENCABEZAMIENTO DE MATERIA--TEMÁTICO
Término temático o nombre geográfico como elemento de entrada Biografías
Subdivisión temática general Historia
Subdivisión geográfica República Dominicana
700 1# - ASIENTO SECUNDARIO -- NOMBRE PERSONAL
Nombre personal Moya Pons, Frank,
Fechas asociadas con el nombre 1944-
Mención de responsabilidad Prólogo
910 ## - VALIDACIÓN
Validación VMateo V.
942 ## - ADDED ENTRY ELEMENTS (KOHA)
Source of classification or shelving scheme Dewey Decimal Classification
Koha item type Libros
Existencias
Withdrawn status Lost status Source of classification or shelving scheme Damaged status Not for loan Home library Current library Date acquired Total Checkouts Full call number Barcode Date last seen Price effective from Koha item type
    Dewey Decimal Classification     Biblioteca Pública Metropolitana Salomé Ureña Biblioteca Pública Metropolitana Salomé Ureña 04/27/2022   BPMSU CD 920 B828j 2017 BPMSU22040038 04/27/2022 04/27/2022 Libros